1865 1607 1897 1542 1101 1356 1041 1000 1137 1998 1356 1117 1254 1358 1249 1391 1201 1280 1388 1040 1690 1095 1267 1091 1658 1753 1544 1329 1409 1383 1679 1773 1771 1979 1875 1649 1415 1296 1840 1086 1476 1511 1709 1817 1528 1776 1974 1086 1602 1905 1083 1040 1298 1179 1724 1636 1104 1219 1988 1931 1236 1722 1255 1955 1873 1333 1412 1454 1711 1848 1900 1634 1630 1819 1890 1132 1456 1335 1662 1568 1148 1492 1275 1270 1580 1420 1600 1485 1908 1847 1051 1923 1833 1219 1548 1029 1688 1256 1467 BCNSPRNW ULIB Ver.6.0+V

เปลี่ยนเป็นภาษาไทย

Change to English
 แสดงรายละเอียดบรรณานุกรม
  กลับหน้าหลัก

Brief Record : Get Marc (ISO 2709) : E-mail record : QR code < ปิดหน้าต่าง
LEADER : 00000nam 2200000uu 4500
001    13399113663
003     ULIB
008    111213s2550||||th 000 0 tha d
020    ^a9789747706567
090    ^aนว.^bต289ห 2550
100 0  ^aZ
245 00 ^aความรู้สึกดี...ที่เรียกว่ารัก ชุดพิเศษ ให้หัวใจเติมเต็มรัก/^cZ
250    ^aพิมพ์ครั้งที่ 2
260    ^aกรุงเทพฯ :^bแจ่มใส,^c2550
300    ^a254 หน้า
700 0  ^aZ
710 1  ^aแจ่มใส
945    ^p159^l0^i14463
995    ^aกัณชพร
999    ^aใช้งานได้ทุกระบบ
รายการนี้ยังไม่มีแท็ก
คุณยังไม่ได้ล็อกอิน คุณสามารถมีกิจกรรมร่วมกับเว็บไซต์ได้ แต่ต้องล็อกอินก่อน ::
  ล็อกอิน

รายการสื่อสารสนเทศ

ลำดับที่ ประเภท เลขเรียก/บาร์โค้ด สถานที่ สถานะ
- ไม่พบข้อมูล -

รายการใกล้เคียง
    ผู้แต่ง [Z]

BibComment


ยังไม่เคยถูกคอมเมนท์

คอมเมนท์ทรัพยากรรายการนี้
  คอมเมนท์: ความรู้สึกดีที่เ..


 Copyright 2026. Bcnsprnw @Library